Doctor by Doctor Who Episode Title - Click - Statistics

General Stats
  • This quiz has been taken 33 times
  • The average score is 28 of 40
Answer Stats
Hint Answer % Correct
Blink 10th
92%
The Fires of Pompeii 10th
88%
Vincent and the Doctor 11th
88%
Dinosaurs on a Spaceship 11th
88%
A Good Man Goes to War 11th
88%
Mummy on the Orient Express 12th
88%
The Girl in the Fireplace 10th
85%
Midnight 10th
85%
Heaven Sent 12th
85%
Spyfall 13th
85%
An Unearthly Child 1st
85%
Dalek 9th
81%
Fugitive of the Judoon 13th
77%
The Devil's Chord 15th
77%
Oxygen 12th
73%
Demons of the Punjab 13th
73%
The Aztecs 1st
73%
Spearhead from Space 3rd
73%
The Unquiet Dead 9th
73%
Genesis of the Daleks 4th
69%
Castrovalva 5th
69%
Pyramids of Mars 4th
65%
Vengeance on Varos 6th
65%
The Curse of Fenric 7th
65%
The Well 15th
62%
The War Games 2nd
62%
Inferno 3rd
62%
The Caves of Androzani 5th
62%
The Deadly Assassin 4th
58%
Earthshock 5th
58%
Remembrance of the Daleks 7th
58%
Tomb of the Cybermen 2nd
54%
The Green Death 3rd
54%
Carnival of Monsters 3rd
54%
The Robots of Death 4th
54%
The Twin Dilemma 6th
54%
The Mind Robber 2nd
50%
Delta and the Bannermen 7th
50%
The Web Planet 1st
38%
Image of the Fendahl 4th
38%
No matching quizzes found
Score Distribution
Percent of People with Each Score
Percentile by Number Answered
Your Score History
You have not taken this quiz